000 00899nam a2200265 i 4500
003 EG-GICUC
005 20260121101720.0
008 260112s 1960us a|||fr|||| 000 0 eng d
040 _aEG-GiCUC
_beng
_cEG-GiCUC
_dEG-GiCUC
_erda
050 _a338.9
_bUN . E
082 0 4 _221
092 0 4 _221
099 _aLaw1 13 338.9 UN . E 1960
110 2 _aUnited Nations Department Of Economic And Social Affairs
_eAuthor.
245 1 0 _aEconomic Developments In The Middle East 1958-1999 :
_bSupplement To World Economic Survey, 1959 /
264 1 _aNew York :
_bUnited Nations Publication,
_c1960.
300 _a125 pages :
_c24 cm
336 _2rda content
_atext
337 _2rda media
_aComputer
338 _2rda carrier
_aOnline Resource
650 1 4 _aEconomic Development and Growth
856 4 0 _uhttps://fll.law.cu.edu.eg/fulltext/bks/B13-09180.pdf
905 _a67
942 _2ddc
_cBK
_e21
_n0
999 _c56587
_d56587